01060nam a22002177a 45000010005000000030006000050050017000110080041000280400029000690820013000981000019001112450085001302600034002153000047002495050007002965200418003035210028007215210018007496500040007677000035008078490FISKH20250915154418.0250915b cb ||||| |||| 00| 0 eng d aFISKHbengcFISKHdFISKH a823.914  aCarruth, Jane  aHoppity's first thunderstorm /cby Jane Carruth ; illustrated by Tony Hutchings  aNew York : bModern, c1985.  a22 pages : bcolor illustrations ; c24 cm aJ  aHoppity is a little rabbit (or bunny) who has never experienced a thunderstorm. One night, when a thunderstorm arrives for the first time, Hoppity hears loud noises—thunder, flashes of lightning, maybe wind and rain—and becomes frightened because everything is unfamiliar. Hoppity struggles with fear and uncertainty. The darkness, the loud sounds, the bright flashes all make Hoppity feel unsafe and unsure.8 a430 bLexile estimate 8 aJ bRaz-Plus  aKindergartenvBraveryxPicture book aHutchings, Tony eillustrator